|
|
|
|
| LEADER |
00812nta a2200193 i 4500 |
| 001 |
dipl91024 |
| 005 |
20200914133259.0 |
| 008 |
200914s2019 hu om 0|| zxx d |
| 040 |
|
|
|a SZTE Diploma Repozitórium
|b hun
|
| 041 |
|
|
|a zxx
|
| 100 |
1 |
|
|a Gyurján Erika
|
| 245 |
1 |
0 |
|a Egészségfejlesztő terepgyakorlat megvalósítása pedagógusok körében és a képzésen szerzett tapasztalatok összegzése
|h [elektronikus dokumentum] /
|c Erika Gyurján
|
| 246 |
1 |
0 |
|a Health Promotion Field Practice among Educators and the Summary of my Studies
|h [elektronikus dokumentum]
|
| 260 |
|
|
|c 2019
|
| 650 |
|
4 |
|a Pedagógusképzés
|
| 650 |
|
4 |
|a Health promotion
|
| 650 |
|
4 |
|a Educational sciences
|
| 700 |
1 |
|
|a Tarkó Klára
|e ths
|
| 856 |
4 |
0 |
|u http://diploma.bibl.u-szeged.hu/id/eprint/91024/1/2019_gyurjan_erika.pdf
|z Dokumentum-elérés
|